000 00655nam a2200229Ia 4500
003 OSt
005 20220923224154.0
006 a|||||r|||| 00| 0
007 ta
008 Pun
024 _a227,171
037 _cTextual
040 _aARTS
_cARTS
_bPun
041 _2Pun
_aPun
082 _aQ8441x, P33
100 _aਹਰਚੰਦ ਸਿੰਘ
245 0 _aਅਨਹਦ ਨਾਦ
260 _aਲੁਧਿਆਣਾ
_b ਗਿਆਨੀ ਦਿੱਤ ਸਿੰਘ ਮੌਮੋਰੀਅਲ ਟ੍ਰਸਟ
_c2003
300 _a40ਪੰ
_ccm.
942 _hQ8441x, P33
_cTEXL
_2CC
999 _c369720
_d369720